Da memória do povo (Registo nº 33)

Detalhes MARC
000 -Etiqueta do registo
Cabeçalho 01323cam a2200325 4500
005 - Identificador da versão
Campo de controlo 20240813121753.0
010 ## - Número internacional normalizado dos livros (ISBN)
Número (ISBN) 9727720765
035 ## - Other System Control Numbers
System Control Number 0000034
System Control Number 0000034
System Control Number 0000034
System Control Number 0000034
100 ## - Dados gerais de processamento
Dados gerais de processamento 19990409d1999 m y0pory5003 ba
102 ## - Pais de publicação ou produção
País de publicação Portugal
101 0# - Língua de publicação
Língua do texto, banda sonora, etc. Português
106 ## - Campo de dados codificados: material textual
Dados codificados do material textual r
105 ## - Campo de dados codificados: livros
Dados codificados dos livros y z 000yy
215 ## - Descrição física 
Indicação específica da natureza do documento e extensão da espécie 247, [1] p.
Outras indicações físicas il.
Dimensões 23 cm
200 1# - Titulo e menção de responsabilidade
Título próprio Da memória do povo
Informação de outro título recolha da literatura popular de tradição oral no concelho de Portimão
Primeira menção de responsabilidade Margarida Tengarrinha
225 2# - Colecção 
Título próprio da colecção Sociedade e quotidiano
Indicação de volume 8
205 ## - Menção da edição
Menção da edição 1ª ed
210 ## - Publicação, Distribuição, etc. 
Lugar da edição, distribuição, etc. Lisboa
Nome do editor, distribuidor, etc. Colibri
Data da publicação, distribuição, etc. 1999
330 ## - Sumário ou Resumo
Texto da nota Livro fascinante, onde o povo-povo nos fala sem disfarce, ora jocoso e faceto, malicioso, ora vergado ao peso de escuras tradições, que vão da superstição à praga e às maldições. Vozes no geral alegres, que reproduzem a velha civilização dos serões, das orações piedosas, das imemoriais trovas de escárnio e mal dizer e das horas de trabalho em que um dito a preceito, uma piada, uma trova ajudam o tempo duro a passar.
675 ## - Classificação Decimal Universal (CDU)
Notação 398(469.601)
Edição BN
Língua da edição por
Notação 821.134.3-91
Edição BN
Língua da edição por
Edição BN
Língua da edição por
700 ## - Nome de autor-pessoa física (responsabilidade principal)
Número de registo de entrada de autoridade 0000095
Palavra de ordem Tengarrinha
Outra parte do nome não tomada para palavra de ordem Margarida
Datas 1928-
966 ## - Identificação da Biblioteca
Sigla NUMETECA
942 ## - Elementos de entrada adicionados (Koha)
Tipo de item no Koha Livro
Exemplares
Situação do levantamento Origin of item (home branch) (coded) Biblioteca de empréstimo Código de barras Cota Circulation type (not for loan) Tipo de documento Nota do exemplar Damaged status
  Biblioteca Escolar Eng. Nuno Mergulhão Biblioteca Escolar Eng. Nuno Mergulhão BENM684 398   Livro Sem mensagem